PrachIna kannada sahitya sangharsha (Record no. 152626)
[ view plain ]
| 000 -LEADER | |
|---|---|
| fixed length control field | 01400nam a2200265Ia 4500 |
| 003 - CONTROL NUMBER IDENTIFIER | |
| control field | OSt |
| 005 - DATE AND TIME OF LATEST TRANSACTION | |
| control field | 20251218113219.0 |
| 008 - FIXED-LENGTH DATA ELEMENTS--GENERAL INFORMATION | |
| fixed length control field | 210210b2009 xxu||||| |||| 00| 0 eng d |
| 020 ## - INTERNATIONAL STANDARD BOOK NUMBER | |
| International Standard Book Number | 9788190970112 |
| 040 ## - CATALOGING SOURCE | |
| Transcribing agency | AL |
| 041 ## - LANGUAGE CODE | |
| Language code of text/sound track or separate title | Kannada |
| 082 ## - DEWEY DECIMAL CLASSIFICATION NUMBER | |
| Classification number | K894.9 RAVP |
| 100 ## - MAIN ENTRY--PERSONAL NAME | |
| Personal name | RAVI CHALAVADI |
| Dates associated with a name | ರವಿ ಚಲವಾದಿ |
| 9 (RLIN) | 249438 |
| 245 ## - TITLE STATEMENT | |
| Title | PrachIna kannada sahitya sangharsha |
| Remainder of title | ಪ್ರಾಚೀನ ಕನ್ನಡ ಸಾಹಿತ್ಯ- ಸಂಘರ್ಷ |
| 260 ## - PUBLICATION, DISTRIBUTION, ETC. | |
| Place of publication, distribution, etc. | Kannada |
| Name of publisher, distributor, etc. | - |
| Date of publication, distribution, etc. | 2009 |
| 300 ## - PHYSICAL DESCRIPTION | |
| Extent | vii,339 |
| 520 ## - SUMMARY, ETC. | |
| Summary, etc. | ಪ್ರಾಚೀನ ಕನ್ನಡ ಸಾಹಿತ್ಯ ; ಸಂಘರ್ಷ ಎದುರುಗೊಳ್ಳುವ ಬಗೆ, ಪರಿಕಲ್ಪನೆಯಾಗಿ ಸಂಘರ್ಷ ; ತಾತ್ವಿಕರ ಕಣ್ಣಲ್ಲಿ, ದೇಸಿ – ಮಾರ್ಗ – ಅನುಸಂಧಾನ, ನಾಯಕ – ಪ್ರತಿನಾಯಕ ; ದೇಶಭಾಷೆಯ ಕಾಣ್ಕೆ, ಮತ ಮೂಲದ ತುಮುಲಗಳು, ನಿಲುವು ಇವುಗಳ ಹಿನ್ನಲೆಯಲ್ಲಿ ಅಧ್ಯಯನ ಸಾಮಗ್ರಿಗೆ ಪೂರಕವಾಗುವ ಪರಾಮರ್ಶನ ಗ್ರಂಥವಾಗಿದೆ. |
| 650 ## - SUBJECT ADDED ENTRY--TOPICAL TERM | |
| Topical term or geographic name entry element | sangharSha |
| 9 (RLIN) | 249439 |
| 650 ## - SUBJECT ADDED ENTRY--TOPICAL TERM | |
| Topical term or geographic name entry element | sAhitya |
| 9 (RLIN) | 249440 |
| 650 ## - SUBJECT ADDED ENTRY--TOPICAL TERM | |
| Topical term or geographic name entry element | PrAchIna |
| 9 (RLIN) | 249441 |
| 650 ## - SUBJECT ADDED ENTRY--TOPICAL TERM | |
| Topical term or geographic name entry element | kannaDA |
| 9 (RLIN) | 249442 |
| 690 ## - LOCAL SUBJECT ADDED ENTRY--TOPICAL TERM (OCLC, RLIN) | |
| Topical term or geographic name as entry element | Kannada Criticism |
| 9 (RLIN) | 249443 |
| 906 ## - LOCAL DATA ELEMENT F, LDF (RLIN) | |
| a | 068329 |
| 942 ## - ADDED ENTRY ELEMENTS (KOHA) | |
| Source of classification or shelving scheme | Dewey Decimal Classification |
| Koha item type | Book |
| Withdrawn status | Lost status | Source of classification or shelving scheme | Damaged status | Not for loan | Collection code | Home library | Current library | Shelving location | Date acquired | Source of acquisition | Cost, normal purchase price | Total Checkouts | Full call number | Barcode | Date last seen | Price effective from | Koha item type |
|---|---|---|---|---|---|---|---|---|---|---|---|---|---|---|---|---|---|
| Dewey Decimal Classification | Kannada | St Aloysius Library | St Aloysius Library | 02/17/2021 | Navakarnataka Publication Pvt Ltd Mangalore | 225.00 | K894.9 RAVP | 068329 | 02/17/2021 | 02/17/2021 | Book |